The Chronicles of Narnia Quiz Stats

 Plays Quiz Updated Mar 18, 2020

Support Sporcle.
Go Orange.
Score 0/7 Timer 03:00
1 Play Today
Year Title % Correct
1950The Lion, the Witch and the Wardrobe
98.2%
1951Prince Caspian: The Return to Narnia
92.4%
1953The Silver Chair
74.4%
1952The Voyage of the Dawn Treader
72.8%
1955The Magician’s Nephew
70.9%
1956The Last Battle
66.3%
1954The Horse and His Boy
62.7%

From the Vault

Missing Alphabet: Rappers

by LTH

Music 3m
Miseducation? That remains to be seen.
Remove Ads.
Support Sporcle.
Get the best of Sporcle when you Go Orange. This ad-free experience offers more features, more stats, and more fun while also helping to support Sporcle. Thank you for becoming a member.

Show Comments

Extras

Top Quizzes Today


Score Distribution

Your Account Isn't Verified!

In order to create a playlist on Sporcle, you need to verify the email address you used during registration. Go to your Sporcle Settings to finish the process.

Report this User

Report this user for behavior that violates our Community Guidelines.

Details: